Normal view
MARC view
- Aḥmad, ʻUmairah.
Entry Personal Name
001 - CONTROL NUMBER
- control field: 2545
003 - CONTROL NUMBER IDENTIFIER
- control field: NUST
005 - DATE AND TIME OF LATEST TRANSACTION
- control field: 20170613121551.0
008 - FIXED-LENGTH DATA ELEMENTS
- fixed length control field: 170613|| aca||aabn | a|a d
040 ## - CATALOGING SOURCE
- Original cataloging agency: NUST
- Transcribing agency: NUST
100 ## - HEADING--PERSONAL NAME
- Personal name: Aḥmad, ʻUmairah.
670 ## - SOURCE DATA FOUND
- Source citation: Work cat.: (NUST)4084: Aḥmad, ʻUmairah., Merī zāt zarah be nishān̲ /, 1999
